[Event "Vasteras op"]
[Site "Vasteras"]
[Date "2015.09.25"]
[Round "2"]
[White "Hillarp Persson, Tiger"]
[Black "Orndahl, Mats"]
[Result "1-0"]
[WhiteElo "2546"]
[BlackElo "2174"]
[PlyCount "48"]
[EventDate "2015.09.25"]
[EventType "swiss"]
[EventRounds "8"]
[EventCountry "SWE"]
[SourceTitle "EXT 2016"]
[Source "ChessBase"]
[SourceDate "2015.10.08"]
[SourceVersion "1"]
[SourceVersionDate "2015.10.08"]
[SourceQuality "1"]

1. d4 d5 2. c4 c6 3. Nf3 Nf6 4. e3 Bf5 5. Nc3 a6 6. Bd2 e6 7. Nh4 Be4 8. f3 Bg6 9. Qb3 Ra7 10. Nxg6 hxg6 11. 0-0-0 dxc4 12. Bxc4 b5 13. Be2 c5 14. dxc5 Bxc5 15. Kb1 Qb6 16. g4 Nc6 17. g5 Nd7 18. Ne4 Be7 19. h4 Nc5 20. Nxc5 Bxc5 21. f4 Rd7 22. h5 Ne7 23. Qc3 Kf8 24. h6 Rh7 1-0

[Event "Malmo op"]
[Site "Malmo"]
[Date "2014.12.13"]
[Round "2"]
[White "Orndahl, Mats"]
[Black "Johansson, Linus"]
[Result "1-0"]
[WhiteElo "2176"]
[BlackElo "2391"]
[PlyCount "61"]
[EventDate "2014.12.12"]
[EventType "swiss"]
[EventRounds "7"]
[EventCountry "SWE"]
[SourceTitle "EXT 2016"]
[Source "ChessBase"]
[SourceDate "2015.10.08"]
[SourceVersion "1"]
[SourceVersionDate "2015.10.08"]
[SourceQuality "1"]

1. Nf3 c5 2. c4 Nc6 3. d4 cxd4 4. Nxd4 g6 5. e4 Bg7 6. Be3 Nf6 7. Nc3 Ng4 8. Qxg4 Nxd4 9. Qd1 Ne6 10. Rc1 0-0 11. Bd3 d6 12. Qd2 b6 13. 0-0 a5 14. Nd5 Nc5 15. Bb1 Ra7 16. Bd4 Bxd4 17. Qxd4 Be6 18. f4 Qb8 19. h4 Bxd5 20. exd5 Nd7 21. h5 gxh5 22. Rce1 Qd8 23. Rf3 Nf6 24. Rg3+ Kh8 25. Rge3 Kg7 26. Rg3+ Kh8 27. Rg5 Rg8 28. Re3 Qc7 29. Kh1 Qc5 30. Qc3 b5 31. Rxe7 1-0

[Event "Taby Scandinavian op"]
[Site "Taby"]
[Date "2007.08.08"]
[Round "7"]
[White "Orndahl, Mats"]
[Black "Hamark, Jesper"]
[Result "0-1"]
[WhiteElo "2170"]
[BlackElo "2289"]
[PlyCount "92"]
[EventDate "2007.08.04"]
[EventType "swiss"]
[EventRounds "9"]
[EventCountry "SWE"]
[SourceTitle "CBM 119 Extra"]
[Source "ChessBase"]
[SourceDate "2007.09.04"]
[SourceVersion "1"]
[SourceVersionDate "2007.09.04"]
[SourceQuality "1"]

1. Nf3 b6 2. e4 Bb7 3. Nc3 Nf6 4. e5 Nd5 5. Nxd5 Bxd5 6. d4 e6 7. Bd3 c5 8. dxc5 Bxc5 9. c4 Bb7 10. 0-0 Nc6 11. Qe2 Qc7 12. Bg5 h6 13. Bc1 0-0-0 14. Re1 f5 15. Rb1 Nb4 16. a3 Nxd3 17. Qxd3 Be4 18. Rxe4 fxe4 19. Qxe4 Qb7 20. Qe2 d5 21. exd6 Bxd6 22. b4 g5 23. Bb2 Rhe8 24. Nd4 Qh7 25. Rc1 Bf4 26. Rc2 e5 27. Nc6 Rd6 28. b5 Qd7 29. g3 e4 30. c5 bxc5 31. Rxc5 Kb7 32. Na5+ Ka8 33. Nc4 Rd1+ 34. Kg2 Rd5 35. Rxd5 Qxd5 36. gxf4 gxf4 37. Kf1 Rc8 38. Nd2 Rc2 39. Qxe4 Rxd2 40. Qxd5+ Rxd5 41. a4 f3 42. Ke1 Kb7 43. Bc1 Kb6 44. Bxh6 Ka5 45. Be3 Kxa4 46. Bxa7 Kb3 0-1

[Event "Nice op 19th"]
[Site "Nice"]
[Date "2003.12.29"]
[Round "6"]
[White "Orndahl, Mats"]
[Black "Mrdja, Milan"]
[Result "0-1"]
[WhiteElo "2095"]
[BlackElo "2387"]
[PlyCount "65"]
[EventDate "2003.12.26"]
[EventType "swiss"]
[EventRounds "7"]
[EventCountry "FRA"]
[SourceTitle "CBM 097 Extra"]
[Source "ChessBase"]
[SourceDate "2004.01.13"]
[SourceVersion "1"]
[SourceVersionDate "2004.01.13"]
[SourceQuality "1"]

1. Nf3 g6 2. d4 Bg7 3. c4 c5 4. e4 cxd4 5. Nxd4 Nc6 6. Be3 Nf6 7. Nc3 Ng4 8. Qxg4 Nxd4 9. Qd1 Ne6 10. Qd2 Qa5 11. Rc1 b6 12. Be2 Bb7 13. f3 g5 14. 0-0 h5 15. Rfd1 d6 16. Nd5 Qxd2 17. Rxd2 Rc8 18. b3 Be5 19. g3 h4 20. Kg2 Rg8 21. g4 f6 22. Bf1 Kf7 23. Rb1 Nc5 24. b4 Nd7 25. Rd3 e6 26. Nc3 Ke7 27. Nb5 f5 28. exf5 exf5 29. h3 fxg4 30. hxg4 Rcf8 31. Nd4 Bxd4 32. Bxd4 Rh8 33. Re3+ 0-1